书目信息 |
| 题名: |
环境工程微生物学
|
|
| 作者: | 周群英 , 王士芬 编著 | |
| 分册: | ||
| 出版信息: | 北京 高等教育出版社 2015.11 |
|
| 页数: | XI, 416页 | |
| 开本: | 26cm | |
| 丛书名: | ||
| 单 册: | ||
| 中图分类: | X172 | |
| 科图分类: | ||
| 主题词: | 环境微生物学--huan jing wei sheng wu xue--高等教育--教材 | |
| 电子资源: | ||
| ISBN: | 978-7-04-043920-5 | |
| 000 | 01009nam0 2200265 450 | |
| 001 | 1654390276 | |
| 005 | 20201103161630.73 | |
| 010 | @a978-7-04-043920-5@dCNY40.00 | |
| 100 | @a20160810d2015 em y0chiy50 ea | |
| 101 | 0 | @achi |
| 102 | @aCN@b110000 | |
| 105 | @aak a 000yy | |
| 200 | 1 | @a环境工程微生物学@Ahuan jing gong cheng wei sheng wu xue@f周群英, 王士芬编著 |
| 205 | @a第4版 | |
| 210 | @a北京@c高等教育出版社@d2015.11 | |
| 215 | @aXI, 416页@c图@d26cm | |
| 300 | @a面向21世纪课程教材 | |
| 320 | @a有书目 (第413-416页) | |
| 330 | @a本书是在教育部的普通高等教育‘十一五’国家级规划教材的基础上精心修改、补充完善而成。本书共分三篇, 第一篇为微生物学基础, 第二篇为微生物生态与环境生态工程中的微生物作用, 第三篇为环境工程微生物学实验共十三章。 | |
| 606 | 0 | @a环境微生物学@Ahuan jing wei sheng wu xue@x高等教育@j教材 |
| 690 | @aX172@v5 | |
| 701 | 0 | @a周群英@Azhou qun ying@4编著 |
| 701 | 0 | @a王士芬@Awang shi fen@4编著 |
| 801 | 0 | @aCN@c20160810 |
| 905 | @a河南城建学院图书馆@dX172@eZ788=4@f2 | |
| 环境工程微生物学/周群英, 王士芬编著.-第4版.-北京:高等教育出版社,2015.11 |
| XI, 416页:图;26cm |
| 面向21世纪课程教材 |
| ISBN 978-7-04-043920-5:CNY40.00 |
| 本书是在教育部的普通高等教育‘十一五’国家级规划教材的基础上精心修改、补充完善而成。本书共分三篇, 第一篇为微生物学基础, 第二篇为微生物生态与环境生态工程中的微生物作用, 第三篇为环境工程微生物学实验共十三章。 |
| ● |
| 相关链接 |
|
|
|
正题名:环境工程微生物学
索取号:X172/Z788=4
 
预约/预借
| 序号 | 登录号 | 条形码 | 馆藏地/架位号 | 状态 | 备注 |
| 1 | 0139635 | 201396355 | 自科库501/ | 在馆 | |
| 2 | 1279944 | 212799444 | 自科库501/501自科库 63排5列2层/ [索取号:X172/Z788=4] | 在馆 | |
| 3 | 1279945 | 212799453 | 市政与环境工程学院资料室/501自科库 63排5列2层/ [索取号:X172/Z788=4] | 在馆 | |
| 4 | 1501433 | 215014339 | 市政与环境工程学院资料室/501自科库 63排5列2层/ [索取号:X172/Z788=4] | 在馆 |